00752 a2200157 45000010006000000050017000060080041000230030015000640400040000790800057001192450036001762640051002123000019002635050287002821000025005693844120260407155647.0260407a1975 arg spa dAR-UNSa-BCEJYS aAR-UNSa-BCEJYSbspacAR-UNSa-BCEJYS a658.5xPlanificación y control de la producción 10aPlaneamiento mercados y precios 1aBuenos Aires :bEdiciones Macchi-Lópezc1975 a662 p.c23 cm. a1. Planeamiento y prónostico - 2. Planeamiento y prónosticos ( continuación) - 3. Análisis de la demanda - 4. Análisis de los costos y la producción - 5. Análisis económicos de mercados - 6. Mercados y teoría de los juegos - 7. Estrategias y tácticas de precios.1 aBogo, Héctor Mario